00673 2200241 4500001002100000005001500021035002000036007000300056008004100059100001600100245007700116250001100193300004800204020002200252082001200274084001800286090001800304260004200322650001400364700001900378850001000397990002400407INLIS00000000000258920260601020432 a0010-0320000009ta260601 0 0 aHans Tandra1 aDiabetes Masih Dikalahkan :bRahasia mengalahkan Diabetes /cHans Tandra aCet. 1 a114 hlm. :bilus.eBibliografi, hlm 112-114 a978-602-53994-9-7 a616.482 a616.482 HAN d a616.482 HAN d aYogyakarta :bRapha Publishing,c2019 4aKesehatan0 aeditor, Fauzia aPUPAD a34.516/DAK/DPK/2019